[Ultimate Quiz] The Ultimate Minecraft Quiz - Statistics

General Stats
  • This quiz has been taken 125 times
  • The average score is 69 of 161
Answer Stats
Hint Answer % Correct
Ores Iron
91%
Ores Diamond
89%
Ores Gold
89%
Bosses | Status Effects Wither
88%
Ores Coal
87%
Bosses Ender Dragon
86%
Ores Emerald
83%
Ores Lapis Lazuli
83%
Ores Redstone
82%
Generated "Man-Made" Structures Village
82%
Mobs Zombie
73%
Foodstuffs Steak
71%
Villager Careers Farmer
68%
Bosses Elder Guardian
67%
Mobs Skeleton
66%
Villager Careers Librarian
65%
Mobs Pig
65%
Mobs Creeper
64%
Generated "Man-Made" Structures Desert Temple
64%
Generated "Man-Made" Structures Jungle Temple
64%
Status Effects Poison
64%
Foodstuffs Apple
63%
Foodstuffs Carrot
63%
Mobs Sheep
63%
Mobs Spider
63%
Mobs Cow
62%
Mobs Enderman
62%
Foodstuffs Bread
61%
Foodstuffs Cooked Porkchop
61%
Foodstuffs Golden Apple
61%
Foodstuffs Cake
60%
Mobs Chicken
60%
Foodstuffs Potato
60%
Mobs Rabbit
60%
Status Effects Speed
60%
Status Effects Strength
59%
Mobs Horse
58%
Status Effects Regeneration
57%
Foodstuffs Beetroot
54%
Mobs Blaze
53%
Generated "Man-Made" Structures Nether Fortress
53%
Foodstuffs Raw Porkchop
53%
Foodstuffs Cooked Mutton
52%
Foodstuffs Raw Beef
52%
Foodstuffs Rotten Flesh
52%
Status Effects Slowness
52%
Mobs Witch
52%
Foodstuffs Enchanted Golden Apple
51%
Mobs Endermite
51%
Mobs Wither Skeleton
51%
Status Effects Fire Resistance
50%
Ores Nether Quartz
50%
Mobs Ocelot
50%
Mobs Wolf
50%
Mobs Ghast
49%
Foodstuffs Golden Carrot
49%
Mobs Guardian
49%
Mobs Shulker
49%
Mobs Villager
49%
Status Effects Weakness
49%
Mobs Cave Spider
48%
Foodstuffs Mushroom Stew
48%
Mobs Zombie Pigman
48%
Foodstuffs Cooked Chicken
47%
Foodstuffs Baked Potato
46%
Foodstuffs Cookie
46%
Mobs Mule
46%
Status Effects Night Vision
46%
Villager Careers Weapon Smith
46%
Foodstuffs Cooked Rabbit
45%
Mobs Donkey
45%
Mobs Magma Cube
45%
Foodstuffs Pumpkin Pie
45%
Foodstuffs Rabbit Stew
45%
Foodstuffs Raw Mutton
45%
Generated "Man-Made" Structures Woodland Mansion
45%
Generated "Man-Made" Structures Desert Well
43%
Status Effects Jump Boost
43%
Mobs Slime
43%
Generated "Man-Made" Structures Stronghold
43%
Mobs Zombie Villager
43%
Generated "Man-Made" Structures Dungeon
42%
Generated "Man-Made" Structures End City
42%
Mobs Husk
42%
Mobs Iron Golem
42%
Foodstuffs Raw Chicken
42%
Status Effects Haste
41%
Status Effects Blindness
40%
Foodstuffs Pufferfish
40%
Status Effects Water Breathing
40%
Foodstuffs Beetroot Soup
39%
Villager Careers Fletcher
39%
Foodstuffs Raw Rabbit
39%
Mobs Silverfish
39%
Mobs Vindicator
38%
Mobs Bat
37%
Foodstuffs Cooked Fish
37%
Foodstuffs Spider Eye
37%
Generated "Man-Made" Structures Ocean Monument
36%
Mobs Parrot
36%
Villager Careers Butcher
35%
Villager Careers Cleric
35%
Mobs Evoker
35%
Status Effects Invisibility
35%
Status Effects Levitation
35%
Status Effects Luck
35%
Status Effects Nausea
35%
Mobs Snow Golem
35%
Villager Careers Cartographer
34%
Mobs Llama
34%
Foodstuffs Melon
34%
Foodstuffs Poisonous Potato
34%
Mobs Polar Bear
34%
Mobs Skeleton Horse
34%
Mobs Stray
34%
Villager Careers Tool Smith
34%
Mobs Vex
34%
Status Effects Mining Fatigue
33%
Mobs Mooshroom
33%
Foodstuffs Raw Fish
33%
Status Effects Resistance
33%
Generated "Man-Made" Structures Abandoned Mineshaft
32%
Foodstuffs Cooked Salmon
32%
Villager Careers Fisherman
32%
Mobs Squid
32%
Mobs Zombie Horse
32%
Generated "Man-Made" Structures Igloo
30%
Mobs Spider Jockey
30%
Villager Careers Nitwit
29%
Status Effects Hunger
27%
Foodstuffs Raw Salmon
27%
Mobs Chicken Jockey
26%
Generated "Man-Made" Structures Witch Hut
26%
Status Effects Absorption
25%
Status Effects Instant Damage
25%
Villager Careers Leatherworker
25%
Status Effects Instant Health
24%
Foodstuffs Chorus Fruit
23%
Mobs Giant
23%
Status Effects Saturation
21%
Status Effects Glowing
20%
Generated Natural Structures Tree
18%
Status Effects Bad Luck
16%
Status Effects Health Boost
16%
Mobs Illusioner
16%
Villager Careers Armourer
15%
Foodstuffs Clownfish
11%
Generated "Man-Made" Structures End Ship
11%
Mobs Killer Bunny
9%
Generated Natural Structures Fossil
8%
Generated Natural Structures Obsidian Pillar
8%
Generated Natural Structures Ice Spike
7%
Generated Natural Structures Chorus Tree
4%
Generated Natural Structures Giant Mushroom
4%
Villager Careers Shephard
4%
Generated Natural Structures Exit Portal
3%
Generated Natural Structures End Gateway Portal
1%
Generated Natural Structures Glowstone Cluster
1%
Generated Natural Structures Mineral Vein
1%
Generated Natural Structures Moss Stone Boulder
1%
No matching quizzes found
Score Distribution
Percent of People with Each Score
Percentile by Number Answered
Your Score History
You have not taken this quiz